¿Qué son las matemáticas? un estudio de las representaciones sociales que estudiantes de nivel superior tienen sobre las matemáticas.

I tiakina i:
Ngā taipitopito rārangi puna kōrero
Kaituhi matua: Martínez Sierra, Gustavo (autor)
Kaituhi rangatōpū: Congreso Nacional de Investigación Educativa COMIE
Hōputu: Mauhanga Hui Pukapuka
Reo:Pāniora
Ngā marau:
Urunga tuihono:Ver documento en línea
Ngā Tūtohu: Tāpirihia he Tūtohu
Kāore He Tūtohu, Me noho koe te mea tuatahi ki te tūtohu i tēnei pūkete!

MARC

LEADER 00000cam^a2200000uu^4500
001 000513449
005 20260512000000.0
008 052102s2003^^^^^^^^^^^^rd^r^1000^0^spa^d
009 20260512123515.328
035 |a FCE 000057660 
037 |a Acervo ITESO - Biblioteca 
041 |a spa 
095 |a CD 287 
100 |a Martínez Sierra, Gustavo  |e (autor) 
245 1 0 |a ¿Qué son las matemáticas? un estudio de las representaciones sociales que estudiantes de nivel superior tienen sobre las matemáticas.  |h [recurso electrónico] 
264 |a México :  |b COMIE : Universidad Veracruzana,  |c 2009. 
300 |a 1 disco compacto (13 p.) :  |c 4 3/4 pulg. 
336 |a texto  |b txt  |2 rdacontenido 
337 |a sin mediación  |b n  |2 rdamedio 
338 |a volumen  |b nc  |2 rdasoporte 
596 |a Área temática I: Aprendizaje y desarrollo humanos. 
649 |a XX 
650 |a Matemáticas 
650 |a Representaciones sociales 
650 |a Estudiantes del primer ciclo de enseñanza superior 
740 |t X Congreso Nacional de Investigación Educativa, Boca del Río, Veracruz, Septiembre 2009. Ponencias. 
711 |a Congreso Nacional de Investigación Educativa  |c Boca del Río, Veracruz)  |d sep, 2009 :  |e COMIE  |n (10o. : 
856 4 0 |u https://www.comie.org.mx/congreso/memoria/v10/pdf/area_tematica_01/ponencias/1136-F.pdf  |y Ver documento en línea 
910 |a Fondo Centro de Estudios Educativos 
920 |a Impresos - Libros 
930 |a Fondos Especiales 
905 |a 133 
902 |a https://opac.biblio.iteso.mx/vufind/Record/000513449